How did the Saint die ? - Statistics

General Stats
  • This quiz has been taken 9 times
  • The average score is 6 of 10
Answer Stats
Question Answer % Correct
How did Saint Peter die ? Crucifixion
89%
How did Saint Agatha die ? Cutting her breasts off
89%
How did Saint Lawrence die ? Cooked alive
67%
How did Saint George Martyr die ? Decapitation
67%
How did Saint Mark die ? Dragged with a rope
67%
How did Saint Matthew die ? Stabbed by a sword
67%
How did Saint Stephen die ? Stoned
67%
How did Saint Sebastian die ? Shot by arrows
56%
How did Saint James die ? Beheaded
44%
How did Saint Luke die ? Hanged
33%
No matching quizzes found
Score Distribution
Percent of People with Each Score
Percentile by Number Answered
Your Score History
You have not taken this quiz